[Event "Budapest Karacsonyi op 6th"]
[Site "Budapest"]
[Date "2014.12.28"]
[Round "3"]
[White "Szurkos, Andras"]
[Black "Csomor, Gabor"]
[Result "1-0"]
[WhiteElo "1782"]
[BlackElo "1758"]
[PlyCount "63"]
[EventDate "2014.12.27"]
[EventType "swiss"]
[EventRounds "7"]
[EventCountry "HUN"]
[SourceTitle "EXT 2020"]
[Source "ChessBase"]
[SourceDate "2019.10.17"]
[SourceVersion "1"]
[SourceVersionDate "2019.10.17"]
[SourceQuality "1"]

1. e4 e6 2. b3 d5 3. Bb2 dxe4 4. Nc3 Nf6 5. Qe2 Bb4 6. 0-0-0 Bxc3 7. dxc3 Qe7 8. g4 h6 9. Bg2 e5 10. Bxe4 Nxg4 11. h3 Nf6 12. Nf3 Nbd7 13. Rde1 0-0 14. c4 Nxe4 15. Qxe4 f6 16. Nh4 Rf7 17. Nf5 Qf8 18. Reg1 Kh8 19. Nh4 Qe8 20. f4 Nc5 21. Qd5 Ne6 22. fxe5 c6 23. Qd2 g5 24. Nf5 Rd7 25. exf6 Kh7 26. Qe1 Qg6 27. Ne7 Qf7 28. Qe4+ Kh8 29. h4 Nc5 30. Qe5 Ne6 31. hxg5 h5 32. g6 1-0